00434nam a2200145Ia 450000500170000000800410001702000150005808200130007310000170008624500880010326000280019130000190021965000220023865000280026020240926023149.0240331s9999 xx 000 0 und d a041511134X bMILa341 aMillerson, R 0aInternational law, rights and politics :bdevelopments in easterneurope and the CIS aLondonbRoutledgec1994 axiii, 230 p ., aInternational Law aInternational relations